[Event "World Rapid Team 2023"]
[Site "Dusseldorf GER"]
[Date "2023.08.26"]
[Round "2.15"]
[Board "3"]
[White "Garbuz, Vitaliy"]
[Black "Deregnaucourt, Lucas"]
[Result "0-1"]
[WhiteElo "2154"]
[BlackElo "2076"]
[WhiteTeam "Wensing & Poebel"]
[BlackTeam "Ecole Polytechnique Francaise de Lausanne"]
[WhiteFideId "12990710"]
[BlackFideId "26057794"]
[EventDate "2023.08.26"]

1. e4 c5 2. d4 cxd4 3. c3 d3 4. Bxd3 Nc6 5. c4 g6 6. Nf3 Bg7 7. O-O Nf6 8. Nc3
O-O 9. h3 d6 10. Be3 Nd7 11. Rc1 Nde5 12. Be2 Be6 13. b3 Nxf3+ 14. Bxf3 Qa5 15.
Qd2 Rac8 16. Rfd1 a6 17. Be2 Bd7 18. Nd5 Qxd2 19. Rxd2 Be6 20. Nb6 Rcd8 21. Nd5
Rc8 22. Rdc2 Rfe8 23. Nb6 Rcd8 24. Rd2 Ne5 25. f4 Bh6 26. Kf2 Nd7 27. Kf3 Nxb6
28. Bxb6 Rc8 29. Rcd1 Bd7 30. g4 Bg7 31. Bd4 Bc6 32. Bxg7 Kxg7 33. Ke3 f5 34.
gxf5 gxf5 35. exf5 Kf6 36. Rg1 Rg8 37. Rg4 h5 38. Rxg8 Rxg8 39. Bxh5 Rg3+ 40.
Ke2 Rxh3 41. Bg6 Be4 42. c5 Rh2+ 43. Ke3 Rxd2 44. Kxd2 dxc5 45. Kc3 Bxf5 46. Be8
b6 47. a4 Be6 48. Bc6 Kf5 49. a5 bxa5 50. Bb7 Kxf4 51. Bxa6 Bf7 52. Kb2 e5 53.
Ka3 Be8 54. Bb7 e4 0-1

[Event "World Rapid Team 2023"]
[Site "Dusseldorf GER"]
[Date "2023.08.26"]
[Round "2.15"]
[Board "4"]
[White "Wasserfallen, Benedict"]
[Black "Bartelt, Max Peter"]
[Result "1-0"]
[WhiteElo "1853"]
[BlackElo "2025"]
[WhiteTeam "Ecole Polytechnique Francaise de Lausanne"]
[BlackTeam "Wensing & Poebel"]
[WhiteFideId "1344927"]
[BlackFideId "12967289"]
[EventDate "2023.08.26"]

1. e4 e6 2. d4 d5 3. Nc3 Nf6 4. Bg5 Be7 5. e5 Nfd7 6. h4 a6 7. Qg4 Bxg5 8. hxg5
c5 9. g6 h6 10. gxf7+ Kxf7 11. Bd3 Qe7 12. f4 cxd4 13. Nce2 Nc6 14. Nf3 Ke8 15.
O-O-O Kd8 16. Nexd4 Nc5 17. Bg6 Kc7 18. Ng5 Bd7 19. Nf7 Rhf8 20. Nd6 Rad8 21. a3
b6 22. Rh3 Nb7 23. Nxb7 Kxb7 24. Rb3 Na5 25. Rbd3 Rc8 26. Kb1 Nc4 27. g3 Rc7 28.
Qe2 Rfc8 29. Rc3 Na5 30. Rxc7+ Rxc7 31. Bd3 b5 32. f5 Nc6 33. Nxc6 Rxc6 34. g4
Qg5 35. Rf1 h5 36. f6 gxf6 37. exf6 Rc8 38. f7 Rf8 39. gxh5 e5 40. Bg6 Bg4 41.
Qd3 Kc6 42. Qc3+ Kd6 43. Qb4+ Kc6 44. Qxf8 Be2 45. Qe8+ Kb6 46. Qe6+ Ka5 47.
f8=Q 1-0

[Event "World Rapid Team 2023"]
[Site "Dusseldorf GER"]
[Date "2023.08.26"]
[Round "2.15"]
[Board "5"]
[White "Kesselmeier, Kevin"]
[Black "Lux, Serge"]
[Result "1-0"]
[WhiteElo "2011"]
[BlackElo "1688"]
[WhiteTeam "Wensing & Poebel"]
[BlackTeam "Ecole Polytechnique Francaise de Lausanne"]
[WhiteFideId "16217551"]
[BlackFideId "36036099"]
[EventDate "2023.08.26"]

1. e4 g6 2. d4 Bg7 3. Nc3 d6 4. Be3 Nf6 5. f3 O-O 6. Qd2 b6 7. O-O-O c5 8. g4
cxd4 9. Bxd4 Nc6 10. Be3 Ne5 11. h4 b5 12. h5 b4 13. Nd5 Qa5 14. Nxe7+ Kh8 15.
Kb1 Be6 16. Nd5 Rfc8 17. h6 Bf8 18. Bg5 Bxd5 19. Bxf6+ Kg8 20. exd5 Nd7 21. Bg7 1-0

[Event "World Rapid Team 2023"]
[Site "Dusseldorf GER"]
[Date "2023.08.26"]
[Round "2.15"]
[Board "6"]
[White "Pheng, Sophia"]
[Black "Moeller, Lisa-Marie"]
[Result "0-1"]
[WhiteElo "1128"]
[BlackElo "1899"]
[WhiteTeam "Ecole Polytechnique Francaise de Lausanne"]
[BlackTeam "Wensing & Poebel"]
[WhiteFideId "26066602"]
[BlackFideId "12959367"]
[EventDate "2023.08.26"]

1. e4 c5 2. Nc3 e6 3. f4 a6 4. Nf3 b5 5. d3 Bb7 6. b3 Nc6 7. Bb2 Qc7 8. Qd2 d6
9. Be2 Nf6 10. O-O Be7 11. g3 Rc8 12. Rfe1 O-O 13. Rac1 Rfd8 14. Bf1 d5 15. e5
Nd7 16. Bg2 b4 17. Nd1 c4 18. c3 bxc3 19. Bxc3 Qb6+ 20. d4 cxb3 21. Rb1 Qa7 22.
Rxb3 Nb6 23. Ne3 Rb8 24. Reb1 Nd7 25. Qb2 Ba8 26. Qc1 Rxb3 27. Rxb3 Rb8 28. Qb1
Rb6 29. Bf1 a5 30. Bd3 g6 31. h4 a4 32. Rb2 Qb8 33. h5 Rxb2 34. Qxb2 Qxb2 35.
Bxb2 gxh5 36. Bb5 a3 37. Bc3 Nb6 38. Kg2 Nb4 39. Bxb4 Bxb4 40. Nc2 Be7 41. Kh3
Nc4 42. g4 0-1

[Event "World Rapid Team 2023"]
[Site "Dusseldorf GER"]
[Date "2023.08.26"]
[Round "2.16"]
[Board "1"]
[White "Helbig, Mark"]
[Black "Fromm, Marius"]
[Result "1-0"]
[WhiteTitle "FM"]
[BlackTitle "FM"]
[WhiteElo "2307"]
[BlackElo "2458"]
[WhiteTeam "Neustadt Weinstrasse"]
[BlackTeam "Doppelbauer Kiel"]
[WhiteFideId "4675622"]
[BlackFideId "12993190"]
[EventDate "2023.08.26"]

1. d4 d5 2. c4 Nc6 3. Nf3 Bg4 4. cxd5 Bxf3 5. dxc6 Bxc6 6. Nc3 Nf6 7. Bf4 e6 8.
f3 Bd6 9. Bxd6 cxd6 10. e4 O-O 11. Qd2 a6 12. Be2 b5 13. a3 Qb6 14. O-O a5 15.
b4 e5 16. Rad1 axb4 17. axb4 Ra3 18. Nb1 Ra4 19. Kh1 h6 20. dxe5 dxe5 21. Qd6
Qb7 22. Nc3 Ra3 23. Qxe5 Re8 24. Qd4 Nh5 25. Qc5 Nf4 26. Nxb5 Bxb5 27. Bxb5 Rb8
28. Qf5 Nxg2 29. Rd7 1-0

[Event "World Rapid Team 2023"]
[Site "Dusseldorf GER"]
[Date "2023.08.26"]
[Round "2.16"]
[Board "3"]
[White "Teuffer, Michael"]
[Black "Stegert, Jonas"]
[Result "0-1"]
[WhiteElo "2189"]
[BlackElo "1832"]
[WhiteTeam "Neustadt Weinstrasse"]
[BlackTeam "Doppelbauer Kiel"]
[WhiteFideId "24680427"]
[BlackFideId "16247965"]
[EventDate "2023.08.26"]

1. d4 d5 2. Nc3 Nf6 3. Bg5 Bf5 4. f3 h6 5. Bh4 c5 6. e4 dxe4 7. d5 Nbd7 8. Bxf6
exf6 9. fxe4 Bh7 10. Nf3 Bd6 11. Bb5 O-O 12. O-O Ne5 13. Be2 Re8 14. Nd2 a6 15.
a4 Qc7 16. g3 Rab8 17. Kg2 c4 18. Bf3 b5 19. axb5 axb5 20. Re1 Re7 21. Ra6 b4
22. Ncb1 Rbe8 0-1

[Event "World Rapid Team 2023"]
[Site "Dusseldorf GER"]
[Date "2023.08.26"]
[Round "2.16"]
[Board "4"]
[White "Vollbehr, Bjarne"]
[Black "Gaab, Wolfgang"]
[Result "1-0"]
[WhiteElo "1871"]
[BlackElo "2060"]
[WhiteTeam "Doppelbauer Kiel"]
[BlackTeam "Neustadt Weinstrasse"]
[WhiteFideId "34606025"]
[BlackFideId "24679054"]
[EventDate "2023.08.26"]

1. d4 Nf6 2. c4 d6 3. Nc3 e5 4. dxe5 dxe5 5. Qxd8+ Kxd8 6. Bg5 c6 7. Nf3 Nd7 8.
O-O-O Kc7 9. g3 Bb4 10. Bxf6 gxf6 11. Ne4 a5 12. Bh3 Be7 13. Nh4 Nc5 14. Bxc8
Rhxc8 15. Nxc5 Bxc5 16. f3 Rd8 17. Nf5 Rxd1+ 18. Rxd1 Rd8 19. e4 Rxd1+ 20. Kxd1
Bf8 21. Ke2 Kb6 22. Kd3 Kc5 23. Kc3 b5 24. a3 bxc4 25. a4 Kb6 26. Kxc4 Kc7 27.
Ne3 Bh6 28. Ng4 Bg7 29. h4 h5 30. Ne3 Bh6 31. Nf5 Bf8 32. g4 hxg4 33. fxg4 Kd7
34. h5 Ke8 35. h6 Bxh6 36. Nxh6 Kf8 37. Nf5 Kg8 38. Kc5 Kh7 39. Kxc6 Kg6 40. Nd6
Kg5 41. Nxf7+ Kxg4 42. Nd6 Kf3 43. Kb5 Ke3 44. Kxa5 Kd4 45. Kb5 Kd3 46. a5 1-0

[Event "World Rapid Team 2023"]
[Site "Dusseldorf GER"]
[Date "2023.08.26"]
[Round "2.17"]
[Board "1"]
[White "Hagner, Bennet"]
[Black "Kraus, Sebastian"]
[Result "1-0"]
[WhiteTitle "FM"]
[WhiteElo "2323"]
[BlackElo "1904"]
[WhiteTeam "Mitropa Chess Association"]
[BlackTeam "Unischach Bayreuth"]
[WhiteFideId "16224477"]
[BlackFideId "24690260"]
[EventDate "2023.08.26"]

1. Nf3 d5 2. e3 Nf6 3. c4 e6 4. Nc3 Be7 5. b3 O-O 6. Bb2 Nbd7 7. Qc2 b6 8. cxd5
exd5 9. d4 c5 10. Bd3 Bb7 11. O-O Rc8 12. Ne5 cxd4 13. exd4 Nxe5 14. dxe5 Ne4
15. Rfd1 Nxc3 16. Bxc3 Qc7 17. Bxh7+ Kh8 18. Rd3 g6 19. e6+ f6 20. Rh3 Bb4 21.
Qxg6 1-0

[Event "World Rapid Team 2023"]
[Site "Dusseldorf GER"]
[Date "2023.08.26"]
[Round "2.17"]
[Board "2"]
[White "Braun, Kristin"]
[Black "Caruso, Augusto"]
[Result "0-1"]
[WhiteElo "1906"]
[BlackElo "2103"]
[WhiteTeam "Unischach Bayreuth"]
[BlackTeam "Mitropa Chess Association"]
[WhiteFideId "24656534"]
[BlackFideId "801763"]
[EventDate "2023.08.26"]

1. e4 e5 2. Nf3 Nf6 3. Nc3 Nc6 4. Bc4 Nxe4 5. Nxe4 d5 6. Bb5 dxe4 7. Nxe5 Qd5 8.
Bxc6+ bxc6 9. Ng4 Ba6 10. b3 Bd6 11. Bb2 O-O 12. h4 f5 13. Ne3 Qe6 14. Qh5 Be5
15. O-O-O Bxb2+ 16. Kxb2 f4 17. Nf1 f3 18. gxf3 Be2 19. Nh2 Bxd1 20. Rxd1 exf3
21. Rg1 Rae8 22. Ng4 Kh8 23. Ne3 Qe5+ 24. Qxe5 Rxe5 25. Rg4 g6 26. Rc4 Re6 27.
Ra4 Rd8 28. Kc1 Re7 29. Rf4 Red7 30. d3 Rd4 31. Rxf3 Rxh4 32. Rf6 Rh2 33. Ng4
Rg2 34. Ne5 Kg8 35. Nxc6 Rf8 36. Ne7+ Kg7 37. Rc6 Rfxf2 38. Rxc7 Rf7 39. Rxa7 h5
40. d4 h4 41. d5 h3 42. d6 h2 43. d7 h1=Q+ 44. Kb2 Qd1 45. Rc7 Rxe7 0-1

[Event "World Rapid Team 2023"]
[Site "Dusseldorf GER"]
[Date "2023.08.26"]
[Round "2.17"]
[Board "3"]
[White "Bordin, Silvia"]
[Black "Strahl, Christian"]
[Result "1-0"]
[WhiteElo "1933"]
[BlackElo "1857"]
[WhiteTeam "Mitropa Chess Association"]
[BlackTeam "Unischach Bayreuth"]
[WhiteFideId "2837612"]
[BlackFideId "12955019"]
[EventDate "2023.08.26"]

1. e4 c6 2. Nc3 d5 3. Nf3 Nf6 4. e5 Ne4 5. d3 Nxc3 6. bxc3 Bg4 7. Be2 e6 8. O-O
c5 9. d4 Nc6 10. a4 c4 11. h3 Bxf3 12. Bxf3 Be7 13. Be2 Qa5 14. Bd2 g6 15. Qe1
h5 16. f4 h4 17. Bg4 Kd7 18. Qf2 Rag8 19. Rfb1 b6 20. Rb5 Qa6 21. Rxd5+ Kc7 22.
Rb5 Rd8 23. Qf1 Na5 24. Be2 Kb8 25. Bxc4 Qc8 26. Be2 Rd5 27. Rab1 Rxb5 28. Rxb5
Rd8 29. Rb1 Qc6 30. Bb5 Qd5 31. Kh1 Nb7 32. Bd3 Qc6 33. Ra1 Na5 34. Qb1 Rg8 35.
Qb5 Qc7 36. c4 Rd8 37. Bxa5 1-0

[Event "World Rapid Team 2023"]
[Site "Dusseldorf GER"]
[Date "2023.08.26"]
[Round "2.17"]
[Board "4"]
[White "Glock, Benjamin"]
[Black "Dordevic, Tom"]
[Result "0-1"]
[WhiteElo "1782"]
[BlackElo "1998"]
[WhiteTeam "Unischach Bayreuth"]
[BlackTeam "Mitropa Chess Association"]
[WhiteFideId "12942103"]
[BlackFideId "16260503"]
[EventDate "2023.08.26"]

1. d4 d5 2. c4 e6 3. Nf3 Nf6 4. Nc3 a6 5. cxd5 exd5 6. Bg5 Be6 7. e3 Bd6 8. Qb3
b5 9. Bxf6 Qxf6 10. Bd3 c6 11. e4 dxe4 12. Nxe4 Qe7 13. Nxd6+ Qxd6 14. Qc2 h6
15. O-O O-O 16. h3 Nd7 17. Rad1 Rac8 18. a3 a5 19. Rfe1 a4 20. Qd2 Bd5 21. Ne5
Rfd8 22. Qf4 Nf6 23. Bf5 Rc7 24. Re3 Bb3 25. Rxb3 axb3 26. Rd3 Nd5 27. Qg4 g6
28. Rg3 Ne7 29. Nxf7 Kxf7 30. Be4 Kg7 31. Qh4 Rf8 32. Rxb3 Qf4 33. Qxf4 Rxf4 34.
f3 Rf6 35. Rc3 Rd6 36. Rd3 Rcd7 0-1

[Event "World Rapid Team 2023"]
[Site "Dusseldorf GER"]
[Date "2023.08.26"]
[Round "2.17"]
[Board "5"]
[White "Peglau, Dora"]
[Black "Holoubek, Jonas"]
[Result "1-0"]
[WhiteElo "2052"]
[BlackElo "1570"]
[WhiteTeam "Mitropa Chess Association"]
[BlackTeam "Unischach Bayreuth"]
[WhiteFideId "16220005"]
[BlackFideId "16283260"]
[EventDate "2023.08.26"]

1. d4 Nf6 2. Nf3 g6 3. Nbd2 Bg7 4. e4 d6 5. Bd3 c5 6. c3 O-O 7. O-O Bg4 8. Re1
Nc6 9. h3 cxd4 10. hxg4 dxc3 11. bxc3 Nxg4 12. Rb1 b6 13. Nd4 Nge5 14. Ba6 e6
15. Nxc6 Qh4 16. Nxe5 Bxe5 17. Nf3 Qh5 18. Nxe5 Qxe5 19. Qd4 Qa5 20. Bf1 Qxa2
21. Bh6 e5 22. Qxd6 f6 23. Qc7 Rf7 24. Bc4 1-0

[Event "World Rapid Team 2023"]
[Site "Dusseldorf GER"]
[Date "2023.08.26"]
[Round "2.17"]
[Board "6"]
[White "Hollstein, Jonas"]
[Black "Peglau, Paul David"]
[Result "0-1"]
[WhiteElo "1495"]
[BlackElo "1768"]
[WhiteTeam "Unischach Bayreuth"]
[BlackTeam "Mitropa Chess Association"]
[WhiteFideId "16266870"]
[BlackFideId "16290550"]
[EventDate "2023.08.26"]

1. e4 e5 2. Nf3 Nc6 3. Bb5 f5 4. Nc3 fxe4 5. Nxe4 Nf6 6. d3 d5 7. Ng3 Bd6 8. O-O
O-O 9. Re1 Bg4 10. h3 Bxf3 11. Qxf3 Ne4 12. Nf5 Nd4 13. Qg4 Rxf5 14. dxe4 Rf8
15. Bd3 Qf6 16. Be3 c6 17. Rad1 Ne6 18. g3 d4 19. Bc1 Qxf2+ 20. Kh1 Qf3+ 21.
Qxf3 Rxf3 22. Kg2 Rf6 23. Bc4 b5 24. Bb3 c5 25. Bd5 Raf8 26. Rf1 h6 27. g4 Kh7
28. Bxe6 Rxe6 29. Rf5 Ref6 30. Rdf1 Kg6 31. h4 c4 32. g5 hxg5 33. Bxg5 Rxf5 34.
exf5+ Rxf5 35. Re1 Kf7 36. Re2 Be7 37. Bxe7 Kxe7 38. Kg3 Kf6 39. Kg4 Rf4+ 40.
Kh5 g6+ 0-1

[Event "World Rapid Team 2023"]
[Site "Dusseldorf GER"]
[Date "2023.08.26"]
[Round "2.18"]
[Board "1"]
[White "Li, Yunqi"]
[Black "Van Dael, Siem"]
[Result "0-1"]
[BlackTitle "FM"]
[WhiteElo "1659"]
[BlackElo "2285"]
[WhiteTeam "Deutsche Schachjugend 2"]
[BlackTeam "Blerickse Schaakvereniging"]
[WhiteFideId "34610618"]
[BlackFideId "1049771"]
[EventDate "2023.08.26"]

1. d4 Nf6 2. Nf3 g6 3. c4 Bg7 4. Nc3 d6 5. e4 O-O 6. Be2 Nbd7 7. O-O e5 8. d5 a5
9. Be3 Ng4 10. Bg5 f6 11. Bh4 Nh6 12. Nd2 Nc5 13. f3 Nf7 14. Bf2 h5 15. a3 Bh6
16. Nb3 b6 17. Nxc5 dxc5 18. Qd3 Nd6 19. Nb5 Nf7 20. Rfd1 Bd7 21. a4 Bxb5 22.
cxb5 Nd6 23. b3 f5 24. exf5 gxf5 25. Be3 Bg7 26. Rac1 Qf6 27. f4 e4 28. Qd2 Qg6
29. Kh1 Kf7 30. Rf1 Rh8 31. Qe1 Rag8 32. Qg3 Qh6 33. Qh3 Bf6 34. Rc2 Rh7 35. Bd1
h4 36. Rcf2 Rg6 37. Rd2 Qg7 38. Rdf2 Rg3 39. hxg3 hxg3 40. Bh5+ Ke7 41. Rc2 Qh8
42. Kg1 Rxh5 43. Qxg3 Rh1+ 44. Kf2 Bh4 45. Rxh1 Bxg3+ 46. Kg1 Qa1+ 47. Rc1 Qb2
48. Rh7+ Nf7 49. Rh3 Bf2+ 0-1

[Event "World Rapid Team 2023"]
[Site "Dusseldorf GER"]
[Date "2023.08.26"]
[Round "2.18"]
[Board "2"]
[White "Heinert, Eugen"]
[Black "Lorenz, Veronika"]
[Result "1-0"]
[WhiteElo "2121"]
[BlackElo "1668"]
[WhiteTeam "Blerickse Schaakvereniging"]
[BlackTeam "Deutsche Schachjugend 2"]
[WhiteFideId "24621390"]
[BlackFideId "16277406"]
[EventDate "2023.08.26"]

1. d4 Nf6 2. Bg5 g6 3. Bxf6 exf6 4. e3 Bg7 5. g3 O-O 6. Bg2 c5 7. c3 Re8 8. Ne2
Nc6 9. Nd2 cxd4 10. cxd4 d5 11. O-O Bg4 12. Bf3 Bxf3 13. Nxf3 Rc8 14. Nf4 g5 15.
Nd3 Bf8 16. Rc1 Qb6 17. Qa4 Nb4 18. Nxb4 Bxb4 19. Rc2 Rxc2 20. Qxc2 Re6 21. Rc1
Rc6 22. Qd1 Be7 23. Rc2 Qc7 24. Rxc6 Qxc6 25. Ne1 Kg7 26. Nd3 Qc4 27. a3 b6 28.
Kf1 a5 29. Ke2 Qa2 30. Qd2 Qc4 31. Qc1 Qa2 32. Qc3 Qc4 33. Kd2 Qxc3+ 34. Kxc3
Kg6 35. Kd2 Kf5 36. Ke2 h5 37. h3 Ke4 38. f3+ Kf5 39. g4+ hxg4 40. hxg4+ Kg6 41.
e4 1-0

[Event "World Rapid Team 2023"]
[Site "Dusseldorf GER"]
[Date "2023.08.26"]
[Round "2.18"]
[Board "3"]
[White "Mueller, Konstantin"]
[Black "Fowler, Gordon"]
[Result "0-1"]
[WhiteElo "1696"]
[BlackElo "1995"]
[WhiteTeam "Deutsche Schachjugend 2"]
[BlackTeam "Blerickse Schaakvereniging"]
[WhiteFideId "34661778"]
[BlackFideId "12915173"]
[EventDate "2023.08.26"]

1. e4 e5 2. Nc3 Nf6 3. f4 d6 4. Nf3 Nc6 5. Bc4 Be7 6. O-O O-O 7. d3 Bg4 8. h3
Bxf3 9. Qxf3 Nd4 10. Qf2 c6 11. Be3 b5 12. Bb3 Nxb3 13. axb3 a5 14. Bb6 Qd7 15.
Rxa5 Rxa5 16. Bxa5 exf4 17. Qxf4 Qa7+ 18. Kh1 Qxa5 19. e5 dxe5 20. Qxe5 Qd8 21.
Ne4 Nxe4 22. Qxe4 c5 23. Re1 Bd6 24. Qc6 b4 25. Re4 Qf6 26. Re1 Qf4 27. Kg1 Be5
28. Qe4 Qxe4 29. Rxe4 Bxb2 30. Kf2 Bd4+ 31. Kf3 g6 32. g4 h6 33. Re7 Ra8 34. Re1
Kg7 35. Kf4 Kf6 36. h4 g5+ 37. hxg5+ hxg5+ 38. Kf3 Rh8 39. Kg2 Be5 40. Rf1+ Ke6
41. Rh1 Rxh1 42. Kxh1 Kd5 43. Kg2 Kd4 44. Kf3 Kc3 45. Ke4 f6 46. Kd5 Bd4 47. Kc6
Kxc2 48. Kb5 Kxb3 49. Kc6 Kc3 50. Kb6 b3 51. Kc7 b2 52. Kd7 b1=Q 53. Ke6 Qxd3
54. Kf7 Kc4 55. Ke6 Qe4+ 56. Kd6 Qe5+ 57. Kd7 Kd5 58. Kc8 Qe7 59. Kb8 Kc6 0-1

[Event "World Rapid Team 2023"]
[Site "Dusseldorf GER"]
[Date "2023.08.26"]
[Round "2.18"]
[Board "4"]
[White "Bergmans, Dirk"]
[Black "Czaeczine, Paula"]
[Result "1-0"]
[WhiteElo "2015"]
[BlackElo "1588"]
[WhiteTeam "Blerickse Schaakvereniging"]
[BlackTeam "Deutsche Schachjugend 2"]
[WhiteFideId "1042327"]
[BlackFideId "16249305"]
[EventDate "2023.08.26"]

1. d4 d5 2. Bg5 c5 3. c3 Nf6 4. e3 Nc6 5. Bd3 h6 6. Bh4 e6 7. Nd2 Be7 8. f4 O-O
9. Ngf3 c4 10. Bc2 Bd7 11. O-O b5 12. a3 a5 13. Ne5 Re8 14. Qe2 Rb8 15. Ndf3 b4
16. g4 Nh7 17. Bxh7+ Kxh7 18. Nxf7 Qc7 19. Qc2+ Kg8 20. Qg6 Kf8 21. g5 hxg5 22.
Bxg5 Bxg5 23. N3xg5 Re7 24. Ne5 Be8 25. Qh7 Bf7 26. Qh8+ Bg8 27. Nh7+ Ke8 28.
Qxg8# 1-0

[Event "World Rapid Team 2023"]
[Site "Dusseldorf GER"]
[Date "2023.08.26"]
[Round "2.18"]
[Board "5"]
[White "Bohatyrova, Mariia"]
[Black "Alonso, Jose Antonio"]
[Result "0-1"]
[WhiteElo "1398"]
[BlackElo "1836"]
[WhiteTeam "Deutsche Schachjugend 2"]
[BlackTeam "Blerickse Schaakvereniging"]
[WhiteFideId "34165789"]
[BlackFideId "16213130"]
[EventDate "2023.08.26"]

1. Nf3 Nf6 2. d4 e6 3. c4 b6 4. Nc3 Bb4 5. Bf4 Bb7 6. e3 d6 7. Bd3 O-O 8. O-O
Bxc3 9. bxc3 Nbd7 10. Bg5 h6 11. Bh4 Qc8 12. Re1 c5 13. e4 Re8 14. Bg3 e5 15. d5
Nf8 16. Bc2 N8h7 17. Qd2 Qg4 18. Bd1 Nxe4 19. Qc1 0-1

[Event "World Rapid Team 2023"]
[Site "Dusseldorf GER"]
[Date "2023.08.26"]
[Round "3.1"]
[Board "1"]
[White "Sargissian, Gabriel"]
[Black "Anand, Viswanathan"]
[Result "1/2-1/2"]
[WhiteTitle "GM"]
[BlackTitle "GM"]
[WhiteElo "2692"]
[BlackElo "2754"]
[WhiteTeam "Armenia"]
[BlackTeam "Freedom"]
[WhiteFideId "13300881"]
[BlackFideId "5000017"]
[EventDate "2023.08.26"]

1. d4 d5 2. c4 dxc4 3. e3 Nf6 4. Nf3 e6 5. Bxc4 c5 6. O-O a6 7. dxc5 Bxc5 8.
Qxd8+ Kxd8 9. b3 Ke7 10. Bb2 Nbd7 11. Be2 b6 12. Ne1 Bb7 13. Nd3 Bd6 14. Nd2 b5
15. Bf3 Bxf3 16. Nxf3 Rhc8 17. Rfc1 Ne4 18. Nd4 Nec5 19. Nxc5 Bxc5 20. Nf3 f6
21. Kf1 e5 22. g4 Ke6 23. Ke2 1/2-1/2

[Event "World Rapid Team 2023"]
[Site "Dusseldorf GER"]
[Date "2023.08.26"]
[Round "3.1"]
[Board "3"]
[White "Sargsyan, Shant"]
[Black "Vidit, Santosh Gujrathi"]
[Result "1/2-1/2"]
[WhiteTitle "GM"]
[BlackTitle "GM"]
[WhiteElo "2639"]
[BlackElo "2723"]
[WhiteTeam "Armenia"]
[BlackTeam "Freedom"]
[WhiteFideId "13306766"]
[BlackFideId "5029465"]
[EventDate "2023.08.26"]

1. d4 Nf6 2. c4 e6 3. Nf3 d5 4. g3 dxc4 5. Bg2 a6 6. Ne5 Bb4+ 7. Nc3 Nd5 8. O-O
O-O 9. Ne4 b5 10. b3 cxb3 11. axb3 Bb7 12. Nd3 Nd7 13. Nxb4 Nxb4 14. Ba3 a5 15.
Qd2 c5 16. dxc5 Bxe4 17. Bxe4 Nxc5 18. Bxb4 Qxd2 19. Bxd2 Nxe4 20. Bxa5 Rfc8 21.
Bb4 h6 22. Rxa8 Rxa8 23. f3 Nf6 24. e4 Nd7 25. Bd6 Ra2 26. Rf2 Ra1+ 27. Rf1 Ra2
28. Rf2 Ra1+ 29. Rf1 Ra2 1/2-1/2

[Event "World Rapid Team 2023"]
[Site "Dusseldorf GER"]
[Date "2023.08.26"]
[Round "3.1"]
[Board "4"]
[White "Najer, Evgeniy"]
[Black "Ter-Sahakyan, Samvel"]
[Result "1-0"]
[WhiteTitle "GM"]
[BlackTitle "GM"]
[WhiteElo "2648"]
[BlackElo "2609"]
[WhiteTeam "Freedom"]
[BlackTeam "Armenia"]
[WhiteFideId "4118987"]
[BlackFideId "13302531"]
[EventDate "2023.08.26"]

1. e4 c5 2. Nf3 d6 3. d4 cxd4 4. Nxd4 Nf6 5. Nc3 a6 6. Be2 e5 7. Nb3 Be7 8. Be3
Be6 9. Nd5 Nbd7 10. Qd3 Bxd5 11. exd5 Rc8 12. O-O-O Nb6 13. Kb1 Nbxd5 14. Bd2
Nc7 15. f4 Ne6 16. f5 Nc5 17. Nxc5 dxc5 18. Qg3 Ne4 19. Qxg7 Nxd2+ 20. Rxd2 Qxd2
21. Qxh8+ Kd7 22. Qxe5 Bd6 23. Qe4 Re8 24. Qxb7+ Kd8 25. Bd1 Bf4 26. a3 Re1 27.
Rxe1 Qxe1 28. Qd5+ Ke8 29. Ka2 Qe5 30. Qc6+ Ke7 31. f6+ Qxf6 32. Qxc5+ Bd6 33.
Qa7+ Kf8 34. Qxa6 Qd4 35. Qc8+ Ke7 36. Bf3 Bxh2 37. c3 Qe3 38. Qb7+ Kf8 39. Bd5
Qf2 40. Qc8+ Ke7 41. Qb7+ Kf8 42. Qb4+ Kg8 43. Qg4+ Kf8 44. Qf3 Qa7 45. Qf6 Qd7
46. c4 Kg8 47. g4 Bc7 48. Qg5+ Kh8 49. Qf5 Qd8 50. Bxf7 Qe7 51. Bd5 Be5 52. Qe6 1-0

[Event "World Rapid Team 2023"]
[Site "Dusseldorf GER"]
[Date "2023.08.26"]
[Round "3.1"]
[Board "5"]
[White "Danielian, Elina"]
[Black "Shuvalova, Polina"]
[Result "0-1"]
[WhiteTitle "GM"]
[BlackTitle "IM"]
[WhiteElo "2416"]
[BlackElo "2496"]
[WhiteTeam "Armenia"]
[BlackTeam "Freedom"]
[WhiteFideId "13300210"]
[BlackFideId "24171760"]
[EventDate "2023.08.26"]

1. d4 Nf6 2. Nf3 d5 3. c4 e6 4. e3 b6 5. Nc3 Bb7 6. cxd5 exd5 7. Bb5+ c6 8. Bd3
Bd6 9. O-O O-O 10. Ne5 c5 11. Nb5 Be7 12. b3 Nc6 13. Bb2 a6 14. Nxc6 Bxc6 15.
Nc3 cxd4 16. exd4 Bd6 17. Qf3 b5 18. Bc1 Qc7 19. Bg5 Ne4 20. Nxe4 dxe4 21. Bxe4
Bxe4 22. Qxe4 Bxh2+ 23. Kh1 Rfe8 24. Qg4 Bd6 25. Bh6 f5 26. Qg5 Re6 0-1

[Event "World Rapid Team 2023"]
[Site "Dusseldorf GER"]
[Date "2023.08.26"]
[Round "3.2"]
[Board "1"]
[White "Caruana, Fabiano"]
[Black "Harikrishna, Pentala"]
[Result "1/2-1/2"]
[WhiteTitle "GM"]
[BlackTitle "GM"]
[WhiteElo "2782"]
[BlackElo "2711"]
[WhiteTeam "Kompetenzakademie Allstars"]
[BlackTeam "Team MGD1"]
[WhiteFideId "2020009"]
[BlackFideId "5007003"]
[EventDate "2023.08.26"]

1. e4 e5 2. Nf3 Nc6 3. Bb5 Nf6 4. d3 Bc5 5. Bxc6 dxc6 6. O-O Nd7 7. Nbd2 O-O 8.
Nc4 Re8 9. Kh1 a5 10. a4 Bd6 11. g3 Nf8 12. Nh4 Be7 13. Ng2 f5 14. Nge3 fxe4 15.
dxe4 Bh3 16. Re1 Qxd1 17. Rxd1 Bc5 18. Bd2 Ne6 19. Nxe5 Ng5 20. Nd3 Nxe4 21.
Nxc5 Nxc5 22. Be1 b6 23. Kg1 Re4 24. b3 Rf8 25. Bd2 Ne6 26. Bc3 Ng5 27. Rd3 Bc8
28. f4 Nh3+ 29. Kg2 g5 30. Kf3 gxf4 31. Kxe4 Ng5+ 32. Kd4 Nf3+ 33. Ke4 Ng5+ 34.
Kd4 Nf3+ 35. Ke4 Ng5+ 1/2-1/2